Statistics for Only The Poets - Emotional (all lyrics)

Click here to take the quiz!

General Stats

  • This quiz has been taken 14 times
  • The average score is 243 of 257

Answer Stats

Answer% Correct
a
100%
all
100%
and
100%
at
100%
chances?
100%
cry
100%
crying
100%
days
100%
don't
100%
Don't
100%
dress
100%
Emotional
100%
emotional
100%
For
100%
fuck
100%
get
100%
he
100%
He
100%
I
100%
is
100%
laugh
100%
like
100%
look
100%
loud
100%
loved
100%
me
100%
out
100%
purple
100%
said
100%
Skin
100%
started
100%
that
100%
that?
100%
The
100%
the
100%
To
100%
to
100%
we
100%
We
100%
wearing
100%
were
100%
what
100%
What
100%
Who
100%
you
100%
You
100%
bar
86%
by
86%
can
86%
danced
86%
dancing
86%
dickhead
86%
Fair
86%
friday
86%
Funny
86%
gone
86%
in
86%
into
86%
jukebox
86%
let
86%
Midnight
86%
much
86%
night
86%
No
86%
one
86%
only
86%
play
86%
ran
86%
respect
86%
same
86%
say
86%
so
86%
soft
86%
some
86%
Some
86%
tight
86%
turtle
86%
want
86%
was
86%
But
71%
called
71%
calling
71%
checked
71%
did
71%
doesn't
71%
ever
71%
him
71%
last
71%
never
71%
Nice
71%
one's
71%
pikey
71%
remember
71%
Something
71%
tells
71%
there's
71%
time
71%
bed
57%
Inside
57%
know
57%
upped
57%
looked
43%

Score Distribution

Percentile by Number Answered

Percent of People with Each Score

Your Score History

You have not taken this quiz